Best 2nd round picks of all time - Statistics

General Stats
  • This quiz has been taken 10 times
  • The average score is 4 of 11
Answer Stats
Hint Answer % Correct
41st pick Nikola Jokic
100%
35th pick Draymond Green
67%
HM 60th pick Isaiah thomas
67%
57th pick Manu Ginobili
44%
48th pick Marc Gasol
33%
27th pick* Dennis Rodman
22%
31st pick Gilbert Arenas
22%
39th pick Khris Middleton
22%
47th pick Paul Millsap
22%
36th pick Maurice Cheeks
11%
29th pick* Toni Kukoc
11%
No matching quizzes found
Score Distribution
Percent of People with Each Score
Percentile by Number Answered
Your Score History
You have not taken this quiz